Hysteresis und Arbeitslosigkeit.
Analýza testu hypotéz hysterézy pre nemecký trh práce. Vplyv hysterézy na ponuku práce a na dopyt po práci. Používa sa Stockova metóda a Engle-Grangerova metóda. Vo väčšine prípadov sa hypotéza hysterézy odmietla.
Gespeichert in:
| 1. Verfasser: | |
|---|---|
| Format: | Buchkapitel |
| Sprache: | Deutsch |
| Schlagworte: | |
| Tags: |
Keine Tags, Fügen Sie das erste Tag hinzu!
|
MARC
| LEADER | 00000naa a2200000 4500 | ||
|---|---|---|---|
| 001 | r006964 | ||
| 005 | 20221130103428.7 | ||
| 041 | 0 | |a ger | |
| 044 | |a DE | ||
| 245 | 1 | 0 | |a Hysteresis und Arbeitslosigkeit. |c G. Hansen |
| 520 | |a Analýza testu hypotéz hysterézy pre nemecký trh práce. Vplyv hysterézy na ponuku práce a na dopyt po práci. Používa sa Stockova metóda a Engle-Grangerova metóda. Vo väčšine prípadov sa hypotéza hysterézy odmietla. | ||
| 610 | 2 | 0 | |a testovanie hypotéz |
| 610 | 2 | 0 | |a trh práce |
| 610 | 2 | 0 | |a nezamestnanosť |
| 610 | 2 | 0 | |a ponuka práce |
| 610 | 2 | 0 | |a Nemecko |
| 100 | 1 | |a Hansen, G. | |